Countries with the Highest Rate of Cancer - Statistics

General Stats
  • This quiz has been taken 72 times
  • The average score is 17 of 25
Answer Stats
Rank Age-Standardized Rate Per 100,000 Country % Correct
5 352.2 United States
100%
12 319.2 United Kingdom
93%
11 334.0 Canada
90%
14 313.1 Germany
85%
7 344.1 France
82%
22 294.7 Sweden
80%
23 290.6 Italy
79%
9 337.8 Norway
79%
3 373.7 Ireland
77%
8 340.4 Denmark
75%
1 468.0 Australia
74%
2 438.1 New Zealand
70%
6 345.8 Belgium
69%
10 334.1 Netherlands
67%
15 311.0 Switzerland
59%
20 297.5 Slovakia
56%
19 302.2 Latvia
54%
25 285.8 Lithuania
54%
18 304.9 Slovenia
54%
24 287.2 Croatia
51%
21 296.7 Czech Republic
51%
4 368.1 Hungary
49%
16 309.3 Luxembourg
48%
17 307.9 Serbia
48%
13 313.5 South Korea
44%
No matching quizzes found
Score Distribution
Percent of People with Each Score
Percentile by Number Answered
Your Score History
You have not taken this quiz